SPICE CROPS OF INDIA (Record no. 5446)

MARC details
000 -LEADER
fixed length control field 00356nam a22001457a 4500
005 - DATE AND TIME OF LATEST TRANSACTION
control field 20170409143749.0
008 - FIXED-LENGTH DATA ELEMENTS--GENERAL INFORMATION
fixed length control field 170409b xxu||||| |||| 00| 0 eng d
020 ## - INTERNATIONAL STANDARD BOOK NUMBER
ISBN 978-93-272-4068-9
041 ## - LANGUAGE CODE
Language code of text/sound track or separate title eng
100 ## - MAIN ENTRY--AUTHOR NAME
Personal name ARYA, PREM SINGH
245 ## - TITLE STATEMENT
Title SPICE CROPS OF INDIA
260 ## - PUBLICATION, DISTRIBUTION, ETC. (IMPRINT)
Place of publication LUDHIYANA
Name of publisher KALYANI PUBLISHERS
Year of publication 2007
300 ## - PHYSICAL DESCRIPTION
Number of Pages 329
942 ## - ADDED ENTRY ELEMENTS (KOHA)
Koha item type Books
Holdings
Lost status Damaged status Collection code Home library Current library Shelving location Date acquired Source of acquisition Cost, normal purchase price Accession Number Koha item type
    Reference JRU Library JRU Library SHELF-44-C 09/04/2017 PURCHESS 295.00 21774 Books
    AGRICULTURE JRU Library JRU Library SHELF-44-C 09/04/2017 PURCHESS 295.00 21775 Books
    AGRICULTURE JRU Library JRU Library SHELF-44-C 09/04/2017 PURCHESS 295.00 21776 Books
    AGRICULTURE JRU Library JRU Library SHELF-44-C 09/04/2017 PURCHESS 295.00 21777 Books
    AGRICULTURE JRU Library JRU Library SHELF-44-C 09/04/2017 PURCHESS 295.00 21778 Books